MDQL
is popping MORE tags! Check the
thread
!
Quizzes
Events
Quiz Creation
Community
Videos
Private Events
Remove Ads
Sign In
Join for FREE
Feedback
Dark Mode
Quiz Categories
Sports
Geography
Music
Movies
Television
Just For Fun
Miscellaneous
History
Literature
Language
Science
Gaming
Entertainment
Religion
Holiday
For Kids
Quiz Lab
Recent
Popular Today
Quiz Kudos Today
Editor Picks
Curator Picks
Quizzes by...
Day
Popularity
Type
Ratings
Length
Year
Community
Subscriptions
Recent Discussions
Orange Saloon
Badges
Playlists
Quests
Create
Leaderboards
Showdown
Live 5
Trivia Bingo
Activity
Puzzle Library
Sporcle Events
Private Events
Virtual Trivia
Globe League
Become a Host
Pub Owners
SporcleCon
Opinionation
Our Games
Videos
Blog
Mobile Apps
Partnerships
Remove Ads and Go Orange
Feedback
Sports
Athletes
MLB
NBA
NHL
NFL
Soccer
Sports Teams
WWE
NCAA
Football
Premier League
Basketball
Baseball
Hockey
Golf
Tennis
Cricket
Rugby
Auto Racing
Olympics
World Cup
Sports
Athletes
MLB
NBA
NHL
NFL
Soccer
Sports Teams
WWE
NCAA
Football
Premier League
Basketball
Baseball
Hockey
Golf
Tennis
Cricket
Rugby
Auto Racing
Olympics
World Cup
Random Quiz
Search Sporcle
×
Quiz Lab
Quiz Lab
Sports
Country
Type in answers that appear in a list
Type in answers that appear in a list
Classic
Best Score? Go Orange.
Winter Olympics No More Stats
Can you name the countries that had never participated in any edition of the winter Olympics?(READ DESCRIPTION)
By
irllylubsporcle
8m
94 Questions
42 Plays
42 Plays
42 Plays
Comments
Comments
Give Quiz Kudos
Give Quiz Kudos
-
- Ratings
hide this ad
More Info
Replay
Link that replays current quiz
Next Quiz
Link to next quiz in quiz playlist
You Got
0%
They Got
Avg Score
45%
Avg Friend Score
Upgrade to see
Score Distribution
Jump to the score distribution portion of the page
Score
0/94
Timer
08:00
0
Plays Today
Country/ NOC
% Correct
Haiti
69%
Cuba
64.3%
Afghanistan
57.1%
Oman
57.1%
Yemen
57.1%
Bahamas
54.8%
Dominican Republic
54.8%
Marshall Islands
54.8%
Samoa
54.8%
Saudi Arabia
54.8%
Zambia
54.8%
Angola
52.4%
Antigua and Barbuda
52.4%
Barbados
52.4%
El Salvador
52.4%
Eritrea
52.4%
Iraq
52.4%
Laos
52.4%
Lesotho
52.4%
Libya
52.4%
Panama
52.4%
Chad
50%
Kiribati
50%
Malawi
50%
Mali
50%
Mauritius
50%
Niger
50%
Qatar
50%
St Kitts and nevis
50%
Seychelles
50%
Bangladesh
47.6%
Belize
47.6%
Country/ NOC
% Correct
Cambodia
47.6%
Mauritania
47.6%
Namibia
47.6%
Nauru
47.6%
Nigeria
47.6%
St Lucia
47.6%
Solomon Islands
47.6%
Sri Lanka
47.6%
Sudan
47.6%
Tanzania
47.6%
Tuvalu
47.6%
Vietnam
47.6%
Bahrain
45.2%
Benin
45.2%
Burundi
45.2%
Guinea
45.2%
Indonesia
45.2%
Liberia
45.2%
Maldives
45.2%
Mozambique
45.2%
Palau
45.2%
Rwanda
45.2%
South Sudan
45.2%
Uganda
45.2%
United Arab Emirates
45.2%
Vanuatu
45.2%
Comoros
42.9%
Republic of the Congo
42.9%
Equatorial Guinea
42.9%
Guyana
42.9%
Jordan
42.9%
Micronesia
42.9%
Country/ NOC
% Correct
Papua New Guinea
42.9%
St Vincent and the Grenadines
42.9%
Suriname
42.9%
Tunisia
42.9%
Bhutan
40.5%
Djibouti
40.5%
Guinea Bissau
40.5%
Malaysia
40.5%
Syria
40.5%
Botswana
38.1%
Brunei
38.1%
Ecuador
38.1%
Kuwait
38.1%
Myanmar
38.1%
Singapore
38.1%
Somalia
38.1%
Sao Tome and Principe
38.1%
Gambia
38.1%
Cabo Verde
35.7%
Gabon
35.7%
Palestine
35.7%
DR Congo
33.3%
Grenada
33.3%
Nicaragua
33.3%
Sierra Leone
33.3%
Burkina Faso
31%
Turkmenistan
31%
Aruba
19%
Central African Republic
19%
Cook Islands
16.7%
Quiz Playlist
Details
Report
Send in Message
Add To Playlist
More Info:
Kosovo is not counted because it was part of Yugoslavia and Serbia and Montenegro When I mean NOC's ,even Islands are counted
Classic:
Type in answers that appear in a list
Last Updated: Apr 13, 2017
Quiz Scoreboard
CHALLENGE
Sign Up to Join the Scoreboard
Show All
Scores
Hide
Comments
May contain spoilers
Recently Published
Colored Red Africa Blitz
by spor1
Geography
30s
Find the 'City' Movie
by crazypaving
Movies
60s
5x2 Blitz: Bands
by SL_Kpop136
Music
30s
More to Explore
Quiz From the Vault
Featured Blog Post
14 Easter Pick-up Lines to Find Eggs With
hide this ad
You Might Also Like...
Tags
Country Quiz
description
Edition
Never
noc
read
Winter
Today's Top Quizzes in Sports
Browse Sports
hide this ad
Today's Top Quizzes in Country
Browse Country
Top Contributed Quizzes in Sports
1
Players with Multiple 50 Home Run Seasons
2
Who Needs Fielders?
3
Criteria MLB: Left Handed Sluggers
4
MLB Players with Two .350 Batting Average Seasons
5
Who Hit More Homers?
6
2020 F1 Drivers Logic Puzzle
7
NBA Teammate Connections
8
Premier League Clubs since 2000 (minefield)
9
MLB Teams by First Game
10
Top 10 NHL Goal Scorers of All Time
Explore More
Trending Topics
Disney
Marvel
Harry Potter
Crossword
Anime
NBA
Kpop
NFL
Pokémon
WWE
Puzzle
Soccer
Country
Song
The Office
hide this ad
More By:
irllylubsporcle
Quiz
Plays
Rating
Category
Featured
Created
Largest Countries Without Borders
53,515
4.61
Geography
Nov 30, 2016
Progressively Harder Spelling Words
1,555
4.50
Language
Apr 11, 2017
Canadian Prime Ministers by Picture
847
4.84
History
Jan 15, 2021
Europe in Korean
646
4.77
Geography
Jul 26, 2017
Click Blitz: Axis Powers
638
5.00
History
Apr 11, 2017
Go to Creator's Profile
Score Distribution
Quiz Creator Spotlight
irllylubsporcle
Follow
Send a Message
Quizzes Created
-
Created Quiz Play Count
-
More By This Creator
Popular Quizzes Today
1
5x2 Blitz: Bands
2
Find the 'City' Movie
3
Find the US States - No Outlines Minefield
4
Colored Red Africa Blitz
5
The Countries of the World
6
Find the US States
7
9x9 Crossword: Cartoon Network
8
Risky Map Clicking: Biggest States A-Z
More Sports Quizzes
Colorado Rockies All-Stars
Quiz Lab
Trending Quizzes
Colored Red Africa Blitz II
Colored Red Europe Blitz I
Find the 'Dark' Movie
Find the 'Day' Movie
Find the 'Good' Movie
Recently Updated
Champions League XIs: Real Madrid
pecheneg
Largest US Cities 1790-2010
pecheneg
Rides in Walt Disney World
pecheneg
Most Oscar Losses (Acting)
pecheneg
Beyoncé Albums
pecheneg
Leaping Animals
pecheneg
Reality TV Shows (A-Z)
bhenderson79
Rickey Henderson's Hall of Fame Teammates
pecheneg
Champions League XIs: Arsenal
pecheneg
Quick Pick: Celebrities in WWE's Hall of Fame
aduchscher
Trending Topics
NBA
Harry Potter
Marvel
Anime
Crossword
Kpop
Disney
Country
Puzzle
NFL
Song
Soccer
Pokémon
The Office
WWE
Your Account Isn't Verified!
In order to create a playlist on Sporcle, you need to verify the email address you used during registration. Go to your
Sporcle Settings
to finish the process.
Report this User
Report this user for behavior that violates our
Community Guidelines
.
Details:
Send Report
Go to the Sporcle.com Mobile Site →
Comments